Normal view
MARC view
- الجغرافيا -- معجم مصطلحات
Entry Topical Term
001 - CONTROL NUMBER
- control field: 10989
003 - CONTROL NUMBER IDENTIFIER
- control field: JO-AjAnu
005 - DATE AND TIME OF LATEST TRANSACTION
- control field: 20230606072050.0
008 - FIXED-LENGTH DATA ELEMENTS
- fixed length control field: 230606|| aca||aabn | a|a d
040 ## - CATALOGING SOURCE
- Original cataloging agency: JO-AjAnu
- Transcribing agency: JO-AjAnu
150 ## - HEADING--TOPICAL TERM
- Topical term or geographic name entry element: الجغرافيا -- معجم مصطلحات
670 ## - SOURCE DATA FOUND
- Source citation: Work cat.: (JO-AjAnu)5659: تأليف الزقرطي، إبراهيم موسى ؛ م.مشارك، هاني عبدالرحيم العزيزي, author 10988, معجم المصطلحات والمفاهيم الجغرافية